[Event "Medellin Aristizabal Cup"]
[Site "Medellin"]
[Date "2020.11.22"]
[Round "6"]
[White "Alvarez, Pablo Andres"]
[Black "Chirivi Castiblanco, Jenny Astrid"]
[Result "1-0"]
[WhiteElo "2067"]
[BlackElo "2156"]
[PlyCount "61"]
[EventDate "2020.11.18"]
[EventType "swiss"]
[EventRounds "7"]
[EventCountry "COL"]
[SourceTitle "CBM 199 Extra"]
[Source "ChessBase"]
[SourceDate "2021.01.31"]
[SourceVersion "1"]
[SourceVersionDate "2021.01.31"]
[SourceQuality "1"]

1. c4 e6 2. e4 c5 3. Nf3 a6 4. Be2 Qc7 5. Nc3 Nc6 6. 0-0 Nd4 7. d3 Ne7 8. Nxd4 cxd4 9. Nb1 Nc6 10. a3 a5 11. f4 d6 12. f5 Be7 13. fxe6 Bxe6 14. a4 0-0 15. Na3 Rae8 16. Nb5 Qd8 17. Bf4 b6 18. Qe1 f5 19. Bf3 Nb4 20. Qd2 fxe4 21. Bxe4 d5 22. Nc7 Rxf4 23. Nxe6 Rxf1+ 24. Rxf1 Qd7 25. cxd5 Bd6 26. Qg5 Rc8 27. Bxh7+ Kxh7 28. Qh5+ Kg8 29. Ng5 g6 30. Qxg6+ Qg7 31. Qe6+ 1-0

[Event "Medellin Aristizabal Cup"]
[Site "Medellin"]
[Date "2020.11.21"]
[Round "5"]
[White "Olarte Ospina, Manuel"]
[Black "Alvarez, Pablo Andres"]
[Result "1/2-1/2"]
[WhiteElo "1888"]
[BlackElo "2067"]
[PlyCount "77"]
[EventDate "2020.11.18"]
[EventType "swiss"]
[EventRounds "7"]
[EventCountry "COL"]
[SourceTitle "CBM 199 Extra"]
[Source "ChessBase"]
[SourceDate "2021.01.31"]
[SourceVersion "1"]
[SourceVersionDate "2021.01.31"]
[SourceQuality "1"]

1. Nf3 f5 2. d3 d5 3. c4 dxc4 4. Qa4+ Nd7 5. Qxc4 Nb6 6. Qc2 Qd6 7. Nc3 c6 8. g3 e5 9. Bg2 h6 10. a4 a5 11. Nd2 Nf6 12. e4 Be7 13. Nc4 Nxc4 14. dxc4 fxe4 15. Nxe4 Nxe4 16. Bxe4 0-0 17. 0-0 Bh3 18. Rd1 Qb4 19. Be3 Bc5 20. Rd3 Bxe3 21. Rxe3 Qc5 22. Rae1 Rae8 23. Qe2 Bf5 24. Bg2 Bg6 25. b3 Qb4 26. Qb2 Bd3 27. Qa1 Qd2 28. f4 Re6 29. Rxe5 Rg6 30. Rd1 Qc2 31. Rxd3 Qxd3 32. Be4 Qd6 33. Bxg6 Qxg6 34. f5 Rxf5 35. Qb1 Rf6 36. Qxg6 Rxg6 37. Re8+ Kh7 38. Rb8 Rd6 39. Rxb7 1/2-1/2

[Event "Medellin Aristizabal Cup"]
[Site "Medellin"]
[Date "2020.11.20"]
[Round "3"]
[White "Alvarez, Pablo Andres"]
[Black "Florez, Santiago"]
[Result "1/2-1/2"]
[WhiteElo "2067"]
[BlackElo "1758"]
[PlyCount "40"]
[EventDate "2020.11.18"]
[EventType "swiss"]
[EventRounds "7"]
[EventCountry "COL"]
[SourceTitle "CBM 199 Extra"]
[Source "ChessBase"]
[SourceDate "2021.01.31"]
[SourceVersion "1"]
[SourceVersionDate "2021.01.31"]
[SourceQuality "1"]

1. c4 c5 2. Nc3 e6 3. e4 Nc6 4. Nf3 e5 5. Be2 g6 6. d3 Bg7 7. Bg5 Nge7 8. Qd2 0-0 9. Nd5 d6 10. h4 f6 11. Bh6 f5 12. h5 f4 13. hxg6 hxg6 14. Bg5 Be6 15. Nh4 Kf7 16. g3 Qd7 17. Nxe7 Nxe7 18. gxf4 exf4 19. Bxe7 Qxe7 20. Nxg6 Kxg6 1/2-1/2

[Event "Medellin Flores op 25th"]
[Site "Medellin"]
[Date "2018.08.06"]
[Round "6"]
[White "Salcedo Perez, Pablo Esteban"]
[Black "Alvarez, Pablo Andres"]
[Result "1-0"]
[WhiteElo "2213"]
[BlackElo "2098"]
[PlyCount "93"]
[EventDate "2018.08.03"]
[EventType "swiss"]
[EventRounds "9"]
[EventCountry "COL"]
[SourceTitle "CBM 185 Extra"]
[Source "ChessBase"]
[SourceDate "2018.07.29"]
[SourceVersion "1"]
[SourceVersionDate "2018.07.29"]
[SourceQuality "1"]

1. d4 Nf6 2. c4 g6 3. Nc3 d5 4. cxd5 Nxd5 5. e4 Nxc3 6. bxc3 Bg7 7. Bc4 c5 8. Ne2 Nc6 9. Be3 0-0 10. 0-0 Bg4 11. f3 Na5 12. Bd3 cxd4 13. cxd4 Be6 14. d5 Bd7 15. Rb1 b6 16. Qd2 e6 17. Bg5 f6 18. Bf4 e5 19. Be3 Nb7 20. Rbc1 Rc8 21. Ba6 Rxc1 22. Rxc1 Nd6 23. Qb4 Bc8 24. Bxc8 Nxc8 25. Nc3 Rf7 26. Nb5 Bf8 27. Qc3 Nd6 28. Nc7 Qc8 29. Ne6 Qxc3 30. Rxc3 Rd7 31. Bc1 Be7 32. Ba3 Kf7 33. Bxd6 Bxd6 34. Rc8 f5 35. Kf1 b5 36. Ke2 Ke7 37. Kd3 Rb7 38. Nd8 Rd7 39. Nc6+ Kf6 40. Re8 Be7 41. Rb8 b4 42. Kc4 h5 43. Re8 Rc7 44. Rxe7 Rxc6+ 45. dxc6 Kxe7 46. Kxb4 Kd6 47. Kb5 1-0

[Event "Medellin Flores op 25th"]
[Site "Medellin"]
[Date "2018.08.05"]
[Round "5"]
[White "Alvarez, Pablo Andres"]
[Black "Niklesh, Kumar Jain"]
[Result "1-0"]
[WhiteElo "2098"]
[BlackElo "1975"]
[PlyCount "57"]
[EventDate "2018.08.03"]
[EventType "swiss"]
[EventRounds "9"]
[EventCountry "COL"]
[SourceTitle "CBM 185 Extra"]
[Source "ChessBase"]
[SourceDate "2018.07.29"]
[SourceVersion "1"]
[SourceVersionDate "2018.07.29"]
[SourceQuality "1"]

1. c4 Nf6 2. Nc3 e6 3. e4 d5 4. e5 Nfd7 5. d4 dxc4 6. Bxc4 Nb6 7. Bb3 Nc6 8. Nf3 Nb4 9. Qe2 Bd7 10. 0-0 Bc6 11. a3 N4d5 12. Bc2 Be7 13. Ne4 h6 14. b4 a6 15. Bd3 g5 16. Nc5 Nc3 17. Qc2 g4 18. Qxc3 gxf3 19. g3 Nd5 20. Qc2 Rg8 21. Nxa6 Bxb4 22. axb4 Qh4 23. Rd1 Qxd4 24. Nxc7+ Nxc7 25. Rxa8+ Nxa8 26. Bb5 Qxd1+ 27. Qxd1 Bxb5 28. Qd6 Rg4 29. Bf4 1-0

[Event "Medellin Flores op 25th"]
[Site "Medellin"]
[Date "2018.08.04"]
[Round "3"]
[White "Alvarez, Pablo Andres"]
[Black "Rosero Zapata, Luis Fernando"]
[Result "1-0"]
[WhiteElo "2098"]
[BlackElo "1960"]
[PlyCount "99"]
[EventDate "2018.08.03"]
[EventType "swiss"]
[EventRounds "9"]
[EventCountry "COL"]
[SourceTitle "CBM 185 Extra"]
[Source "ChessBase"]
[SourceDate "2018.07.29"]
[SourceVersion "1"]
[SourceVersionDate "2018.07.29"]
[SourceQuality "1"]

1. c4 c5 2. Nc3 g6 3. Nf3 Bg7 4. g3 Nf6 5. Bg2 0-0 6. 0-0 d6 7. b3 Nc6 8. Bb2 Bg4 9. h3 Bd7 10. Kh2 Rb8 11. Rb1 e5 12. a3 a6 13. Ne1 Nd4 14. e3 Ne6 15. f4 exf4 16. exf4 Bc6 17. Nd5 Bxd5 18. cxd5 Nc7 19. Bxf6 Qxf6 20. Nc2 b5 21. Ne3 Rfe8 22. f5 Qd8 23. Qf3 f6 24. Qg4 g5 25. Rf2 Qe7 26. Rbf1 Qf7 27. Bf3 Re5 28. h4 h6 29. Qh3 Rbe8 30. hxg5 Rxe3 31. dxe3 Rxe3 32. gxh6 Bf8 33. Bh5 Qh7 34. Qg4+ Kh8 35. Qd1 Qxh6 36. Kg2 Qg5 37. Rf3 Re5 38. Bf7 Bh6 39. Rf4 Qg7 40. Qh5 Qg5 41. Qf3 Qg7 42. Rg4 Qxf7 43. Rh1 Kh7 44. Rg6 Qxg6 45. fxg6+ Kxg6 46. Qg4+ Rg5 47. Qh3 Bg7 48. Qd7 Nxd5 49. Qe8+ Kf5 50. Rf1+ 1-0

[Event "Medellin Easter op 7th"]
[Site "Medellin"]
[Date "2017.04.16"]
[Round "8"]
[White "Blandon, Luis Guillermo"]
[Black "Alvarez, Pablo Andres"]
[Result "1-0"]
[WhiteElo "2281"]
[BlackElo "2086"]
[PlyCount "39"]
[EventDate "2017.04.12"]
[EventType "swiss"]
[EventRounds "8"]
[EventCountry "COL"]
[SourceTitle "CBM 177 Extra"]
[Source "ChessBase"]
[SourceDate "2017.04.27"]
[SourceVersion "1"]
[SourceVersionDate "2017.04.27"]
[SourceQuality "1"]

1. e4 c5 2. Nf3 Nc6 3. d4 cxd4 4. Nxd4 Nf6 5. Nc3 d6 6. Bg5 e5 7. Ndb5 a6 8. Na3 Be7 9. Bxf6 Bxf6 10. Nc4 Nd4 11. Nd5 Bg4 12. Qxg4 Nxc2+ 13. Kd2 Nxa1 14. Ncb6 Bg5+ 15. Kc3 h5 16. Qh3 Bc1 17. Bc4 Qg5 18. Qd7+ Kf8 19. Ne3 Qf6 20. Nxa8 1-0

[Event "Medellin Easter op 7th"]
[Site "Medellin"]
[Date "2017.04.15"]
[Round "6"]
[White "Salcedo Perez, Pablo Esteban"]
[Black "Alvarez, Pablo Andres"]
[Result "0-1"]
[WhiteElo "2177"]
[BlackElo "2086"]
[PlyCount "62"]
[EventDate "2017.04.12"]
[EventType "swiss"]
[EventRounds "8"]
[EventCountry "COL"]
[SourceTitle "CBM 177 Extra"]
[Source "ChessBase"]
[SourceDate "2017.04.27"]
[SourceVersion "1"]
[SourceVersionDate "2017.04.27"]
[SourceQuality "1"]

1. d4 Nf6 2. c4 g6 3. Nc3 d5 4. cxd5 Nxd5 5. e4 Nxc3 6. bxc3 Bg7 7. Bc4 c5 8. Ne2 0-0 9. 0-0 Nc6 10. Be3 Bg4 11. f3 Na5 12. Bd3 cxd4 13. cxd4 Bd7 14. Rb1 Rc8 15. d5 b6 16. Ba6 Rc7 17. Bg5 Bc8 18. Bd3 Qd6 19. Bd2 Nb7 20. Bb4 Nc5 21. f4 e6 22. Bc4 exd5 23. Bxd5 Rd8 24. Nd4 Ba6 25. Rf2 Qf6 26. Rd2 Nxe4 27. Bxe4 Rxd4 28. Qa4 b5 29. Qa5 Rxd2 30. Bxd2 Qd4+ 31. Kh1 Qxe4 0-1

[Event "Medellin Easter op 7th"]
[Site "Medellin"]
[Date "2017.04.13"]
[Round "2"]
[White "Hernandez, Cristian Andres"]
[Black "Alvarez, Pablo Andres"]
[Result "1-0"]
[WhiteElo "2236"]
[BlackElo "2086"]
[PlyCount "27"]
[EventDate "2017.04.12"]
[EventType "swiss"]
[EventRounds "8"]
[EventCountry "COL"]
[SourceTitle "CBM 177 Extra"]
[Source "ChessBase"]
[SourceDate "2017.04.27"]
[SourceVersion "1"]
[SourceVersionDate "2017.04.27"]
[SourceQuality "1"]

1. e4 c5 2. Nf3 Nc6 3. Bb5 Nf6 4. Qe2 Nd4 5. Nxd4 cxd4 6. 0-0 a6 7. Ba4 b5 8. Bb3 Bb7 9. d3 e6 10. c3 dxc3 11. Nxc3 d5 12. e5 d4 13. exf6 dxc3 14. Bxe6 1-0

[Event "Bogota McGregor op 3rd"]
[Site "Bogota"]
[Date "2012.12.15"]
[Round "6"]
[White "Salcedo Perez, Pablo Esteban"]
[Black "Alvarez, Pablo Andres"]
[Result "0-1"]
[WhiteElo "1825"]
[BlackElo "2116"]
[PlyCount "64"]
[EventDate "2012.12.12"]
[EventType "swiss"]
[EventRounds "9"]
[EventCountry "COL"]
[SourceTitle "EXT 2014"]
[Source "ChessBase"]
[SourceDate "2013.11.20"]
[SourceVersion "1"]
[SourceVersionDate "2013.11.20"]
[SourceQuality "1"]

1. d4 Nf6 2. c4 g6 3. Nc3 d5 4. Nf3 Bg7 5. e3 0-0 6. Be2 c6 7. 0-0 Bg4 8. h3 Bxf3 9. Bxf3 dxc4 10. Qe2 Nbd7 11. Qxc4 e5 12. Rd1 Qe7 13. Bd2 Rad8 14. Qb3 Nb6 15. dxe5 Qxe5 16. Ne2 Nfd5 17. e4 Nf6 18. Bf4 Qe7 19. Nc3 Rxd1+ 20. Rxd1 Rd8 21. Bg5 Rxd1+ 22. Qxd1 h6 23. Bh4 Nc4 24. Qd4 b5 25. Be2 g5 26. Bxc4 gxh4 27. Bd3 Ng4 28. e5 Nxe5 29. Qe4 Ng6 30. Qxc6 Qe1+ 31. Bf1 Bd4 32. Qxb5 Qxf2+ 0-1

[Event "COL-ch sf "]
[Site "Medellin"]
[Date "2010.06.09"]
[Round "7"]
[White "Alvarez, Pablo Andres"]
[Black "Martinez Arroyo, Luis Alberto"]
[Result "1-0"]
[WhiteElo "2104"]
[BlackElo "1618"]
[PlyCount "39"]
[EventDate "2010.06.05"]
[EventType "swiss"]
[EventRounds "11"]
[EventCountry "COL"]
[SourceTitle "CBM 136 Extra"]
[Source "ChessBase"]
[SourceDate "2010.07.02"]
[SourceVersion "2"]
[SourceVersionDate "2010.07.15"]
[SourceQuality "1"]

1. e4 e6 2. Nf3 Nc6 3. c4 d5 4. cxd5 exd5 5. exd5 Qxd5 6. Nc3 Qd8 7. Bc4 Bd6 8. 0-0 Nf6 9. d4 0-0 10. h3 h6 11. Qc2 Nb4 12. Qb1 c6 13. Bxh6 Nbd5 14. Bg5 Qc7 15. Re1 Be6 16. Bd3 Bf4 17. Nxd5 Nxd5 18. Bxf4 Nxf4 19. Ng5 Rad8 20. Bc4 1-0

[Event "COL-ch sf "]
[Site "Medellin"]
[Date "2010.06.07"]
[Round "5"]
[White "Alvarez, Pablo Andres"]
[Black "Herrera, Juan Sebastian"]
[Result "0-1"]
[WhiteElo "2104"]
[BlackElo "2122"]
[PlyCount "94"]
[EventDate "2010.06.05"]
[EventType "swiss"]
[EventRounds "11"]
[EventCountry "COL"]
[SourceTitle "CBM 136 Extra"]
[Source "ChessBase"]
[SourceDate "2010.07.02"]
[SourceVersion "2"]
[SourceVersionDate "2010.07.15"]
[SourceQuality "1"]

1. c4 e5 2. Nc3 Nf6 3. Nf3 Nc6 4. g3 d5 5. cxd5 Nxd5 6. d3 Be7 7. Nxd5 Qxd5 8. Bg2 0-0 9. 0-0 h6 10. a3 a5 11. Be3 Qd6 12. Rc1 Be6 13. Qc2 Bd5 14. Bc5 Qxc5 15. Qxc5 Bxc5 16. Rxc5 Rfd8 17. Rfc1 f6 18. Rb5 Ra7 19. e3 a4 20. Kf1 Bf7 21. Rc3 Rxd3 22. Rxd3 Bc4 23. Rc5 Bxd3+ 24. Ke1 Be4 25. Rc4 Bd5 26. Rc3 Kf8 27. Ke2 Ra5 28. Bh3 Rb5 29. Rc2 Ke7 30. Nh4 Kf7 31. Bd7 g6 32. f4 Be4 33. Rd2 Rd5 34. f5 Rxd2+ 35. Kxd2 g5 36. Be6+ Ke7 37. Ng6+ Ke8 38. g4 Nd8 39. Bc4 Nc6 40. Bb5 Bf3 41. h3 Bg2 42. Ke2 Bxh3 43. Kf3 h5 44. gxh5 Bxf5 45. Bxa4 Kf7 46. Bb3+ Kg7 47. Bd5 Bd7 0-1

[Event "COL-ch sf "]
[Site "Medellin"]
[Date "2010.06.06"]
[Round "2"]
[White "Rios, Cristhian Camilo"]
[Black "Alvarez, Pablo Andres"]
[Result "0-1"]
[WhiteElo "2267"]
[BlackElo "2104"]
[PlyCount "84"]
[EventDate "2010.06.05"]
[EventType "swiss"]
[EventRounds "11"]
[EventCountry "COL"]
[SourceTitle "CBM 136 Extra"]
[Source "ChessBase"]
[SourceDate "2010.07.02"]
[SourceVersion "2"]
[SourceVersionDate "2010.07.15"]
[SourceQuality "1"]

1. d4 Nf6 2. c4 g6 3. Nc3 d5 4. Nf3 Bg7 5. Qb3 c6 6. cxd5 cxd5 7. Bg5 e6 8. e4 dxe4 9. Bb5+ Bd7 10. Nxe4 Qa5+ 11. Bd2 Qb6 12. Bxd7+ Nbxd7 13. Nxf6+ Bxf6 14. Qa4 Rc8 15. 0-0 Qc6 16. Qxa7 0-0 17. Rfc1 Qd5 18. Qa4 e5 19. Be3 Rxc1+ 20. Rxc1 Rd8 21. Qc4 Qxc4 22. Rxc4 exd4 23. Nxd4 Ne5 24. Rc1 Nd3 25. Rd1 Nxb2 26. Rd2 Nc4 27. Rd1 Ra8 28. Bh6 Rxa2 29. g3 Bg7 30. Ne6 Ra1 31. Rxa1 Bxa1 32. Nc7 f5 33. Kf1 Be5 34. Nb5 Kf7 35. Ke2 Ke6 36. Kd3 Nb2+ 37. Kc2 Kd5 38. Bc1 Kc5 39. f4 Kxb5 40. fxe5 Nc4 41. e6 Nd6 42. Ba3 Ne8 0-1

[Event "Medellin op"]
[Site "Medellin"]
[Date "2008.02.10"]
[Round "6"]
[White "Martinez, M Mauricio"]
[Black "Alvarez, Pablo Andres"]
[Result "0-1"]
[WhiteElo "1979"]
[BlackElo "2090"]
[PlyCount "44"]
[EventDate "2008.02.06"]
[EventType "swiss"]
[EventRounds "7"]
[EventCountry "COL"]
[SourceTitle "EXT 2010"]
[Source "ChessBase"]
[SourceDate "2010.11.25"]
[SourceVersion "1"]
[SourceVersionDate "2010.11.25"]
[SourceQuality "1"]

1. d4 Nf6 2. c4 g6 3. Nc3 d5 4. e3 Bg7 5. Nf3 0-0 6. Bd3 c5 7. dxc5 dxc4 8. Bxc4 Qa5 9. 0-0 Qxc5 10. Qb3 Nc6 11. Qb5 Qxb5 12. Nxb5 Bg4 13. h3 Bxf3 14. gxf3 a6 15. Nc3 Rfd8 16. Rb1 b5 17. Be2 Ne5 18. f4 Nd3 19. Rd1 Nc5 20. Bd2 b4 21. Bf3 bxc3 22. Bxa8 c2 0-1